Длинноходовое пневматическое сверло СПВ-2Д; Горные машины и автоматика; № 5-6
| Parent link: | Горные машины и автоматика № 5-6.— 1961.— С. 155-156 |
|---|---|
| 1. Verfasser: | |
| Sprache: | Russisch |
| Veröffentlicht: |
1961
|
| Schlagworte: | |
| Format: | MixedMaterials Buchkapitel |
| KOHA link: | https://koha.lib.tpu.ru/cgi-bin/koha/opac-detail.pl?biblionumber=593024 |
MARC
| LEADER | 00000naa0a2200000 4500 | ||
|---|---|---|---|
| 001 | 593024 | ||
| 005 | 20241228120641.0 | ||
| 035 | |a (RuTPU)RU\TPU\tpu\5832 | ||
| 090 | |a 593024 | ||
| 100 | |a 20011210d1961 k||y0rusy50 ca | ||
| 101 | 0 | |a rus | |
| 102 | |a RU | ||
| 200 | 1 | |a Длинноходовое пневматическое сверло СПВ-2Д |f О. Д. Алимов | |
| 461 | |t Горные машины и автоматика | ||
| 463 | |t № 5-6 |v С. 155-156 |d 1961 | ||
| 610 | 1 | |a горное дело | |
| 610 | 1 | |a труды учёных ТПУ | |
| 700 | 1 | |a Алимов |b О. Д. | |
| 801 | 0 | |a RU |b 63413507 |c 20011210 |g PSBO | |
| 801 | 2 | |a RU |b 63413507 |c 20080918 |g PSBO | |
| 942 | |c CR | ||